000 00914nam a22003017a 4500
001 BR2011002838
003 BR-BrBNA
005 20230928103720.0
007 ta
008 230509b bl.||||| |||| 00| 0 por d
040 _aBR-BrBNA
_bpor
_cBiblioteca Nacional de Agricultura
041 _a(Por)
072 _aC10
090 _ C10 BR2011002838
100 1 _aLiberal, M.H.T.
110 1 _aEmpresa de Pesquisa Agropecuária do Estado do Rio de Janeiro, Niterói, RJ (Brasil)
_94127
245 1 _aPesagro Rio: tecnologias e serviços promovendo a ciência, gerando tecnologias, disseminando inovações
260 3 _aNiterói, RJ (Brasil):
_c2006.
300 _a77 p.
500 _a156 illus
650 _aAGRICULTURA
650 _aPESQUISA AGRÍCOLA
650 _aESTAÇÃO EXPERIMENTAL
650 _aTECNOLOGIA
650 _aLABORATÓRIO
909 _a202309
_bLucia
_c55
_dLucia Elande
942 _cBK
999 _c76291
_d76291